| 000 | 01205nam a2200205 i 4500 | ||
|---|---|---|---|
| 001 | 161438 | ||
| 003 | ES-MaACL | ||
| 005 | 20250905135300.0 | ||
| 008 | 990623s18761893fr |||| | fre d | ||
| 040 |
_aCCPB | B _bspa _cCCPB | B |
||
| 245 | 0 | 0 |
_aMiracles de Notre Dame par personnages _b: publiés d'après le manuscrit de la bibliotèque nationale / _cpar Gaston Paris & Ulysse Robert. |
| 260 |
_aParis : _bLibrairie de Firmin Didot, _c1876-1893. |
||
| 300 |
_a8 v. ; _c23 cm. |
||
| 500 | _aEn el t.VIII consta en port.: "glossaire et tables par François Bonnardot" | ||
| 505 | 8 | _aContiene. - T.I, 1876 (397 p.) - T.II, 1877 (408 p.) - T.III, 1878 (370 p.) - T.IV, 1879 (388 p.) - T.V, 1880 (338 p.) - T.VI, 1881 (300 p.) - T.VII, 1883 (369 p.) - T.VIII, 1893 (368 p.) | |
| 700 | 1 |
_aRobert, Ulysse. _9131883 |
|
| 700 | 1 |
_aParis, Gaston, _d1839-1903 _989136 |
|
| 852 |
_aES-MaACL _jC-3172-79 _z-- Enc. editorial en tela _x-- Edic.: Corregir en el tit.: "Miracles de Nostre Dame par personnages ..." -- El imp. es: Le Puy : typ. et lith. de M.-P. Marchessou, desde el t.III es: Imprimerie de Marchessou fils -- En antep. consta: Société des anciens textes français |
||
| 999 |
_c161438 _d161438 |
||